Statistics for Guess where the food is from. Europe

Click here to take the quiz!

General Stats

  • This quiz has been taken 147 times
  • The average score is 11 of 15

Answer Stats

Answer% Correct
Italy
95%
Germany
90%
Spain
85%
Uk
82%
Portugal
75%
Switzerland
74%
Belgium
72%
Poland
72%
Russia
70%
Austria
65%
Norway
65%
Denmark
59%
Finland
58%
Czechia
48%
Iceland
48%

Score Distribution

Percentile by Number Answered

Percent of People with Each Score

Your Score History

You have not taken this quiz